SISTEMA DE BIBLIOTECAS
Carmen Mendoza De Cornielle

Derecho Constitucional : (Registro nro. 16246)

Detalles MARC
000 -CABECERA
campo de control de longitud fija 01048nam a2200301 i 4500
001 - NÚMERO DE CONTROL
campo de control 16246
003 - IDENTIFICADOR DEL NÚMERO DE CONTROL
campo de control DO-SdUEMH
005 - FECHA Y HORA DE LA ÚLTIMA TRANSACCIÓN
campo de control 20260114134740.0
007 - CAMPO FIJO DE DESCRIPCIÓN FÍSICA--INFORMACIÓN GENERAL
campo de control de longitud fija ta
008 - DATOS DE LONGITUD FIJA--INFORMACIÓN GENERAL
campo de control de longitud fija 211105s2010||||dr |||gr|||| 0|| |dspa d
040 ## - FUENTE DE LA CATALOGACIÓN
Centro catalogador/agencia de origen DO-SdUEMH
Lengua de catalogación spa
Normas de descripción rda
041 ## - CÓDIGO DE LENGUA
Código de lengua del texto/banda sonora o título independiente spa
082 14 - NÚMERO DE LA CLASIFICACIÓN DECIMAL DEWEY
Número de clasificación RD342 R173D 2010
Colección Colección Dominicana
Número de documento/Ítem R173
084 ## - OTRO NÚMERO DE CLASIFICACIÓN
Item number 10-00452
100 #1 - ENTRADA PRINCIPAL--NOMBRE DE PERSONA
Nombre de persona Ramírez Morillo, Belarmino
Término indicativo de función/relación autor
245 #0 - MENCIÓN DE TÍTULO
Título Derecho Constitucional :
Resto del título control de la constitución y derecho electoral /
Mención de responsabilidad, etc. Belarminio Ramírez Morillo
260 ## - PUBLICACIÓN, DISTRIBUCIÓN, ETC.
Date of publication, distribution, etc. 2010
264 #1 - PRODUCCIÓN, PUBLICACIÓN, DISTRIBUCIÓN, FABRICACIÓN Y COPYRIGHT
Lugar de producción, publicación, distribución, fabricación Santo Domingo, República Dominicana :
Nombre del de productor, editor, distribuidor, fabricante Centenario, S. A.
Fecha de producción, publicación, distribución, fabricación o copyright 2010
264 #4 - PRODUCCIÓN, PUBLICACIÓN, DISTRIBUCIÓN, FABRICACIÓN Y COPYRIGHT
Fecha de producción, publicación, distribución, fabricación o copyright ©2010
300 ## - DESCRIPCIÓN FÍSICA
Extensión xxviii, 608 páginas :
Dimensiones 22 cm.
336 ## - TIPO DE CONTENIDO
Fuente rdacontent
Término de tipo de contenido texto
Código de tipo de contenido txt
337 ## - TIPO DE MEDIO
Fuente rdamedia
Nombre del tipo de medio sin mediación
Código del tipo de medio n
338 ## - TIPO DE SOPORTE
Fuente rdacarrier
Nombre del tipo de soporte volumen
Código del tipo de soporte nc
504 ## - NOTA DE BIBLIOGRAFÍA, ETC.
Nota de bibliografía, etc. Contiene Información Bibliográfica a Final de la Obra.
505 #2 - NOTA DE CONTENIDO CON FORMATO
Nota de contenido con formato El derecho público -- El estado -- La constitución -- El derecho electoral -- Diccionario del derecho constitucional y electoral.
942 ## - ELEMENTOS DE PUNTO DE ACCESO ADICIONAL (KOHA)
Fuente del sistema de clasificación o colocación Dewey Decimal Classification
Tipo de ítem Koha Libro
Suprimir en OPAC No
Existencias
Estado de retiro Estado de pérdida Fuente del sistema de clasificación o colocación Estado dañado Disponibilidad para préstamo Localización permanente Ubicación/localización actual Fecha de adquisición Fuente de adquisición Total de préstamos Signatura topográfica completa Código de barras Fecha visto por última vez Número de copia Precio válido a partir de Tipo de ítem Koha
    Dewey Decimal Classification   Disponible para préstamo UNIREMHOS SEDE UNIREMHOS SEDE 01/14/2026 Donación   RD UNIREMHOS-SED930 11/05/2021 ej. 1 11/05/2021 Libro
UNIREMHOS

Av. Abraham Lincoln no. 126, casi esq. José Contreras,
Santo Domingo, República Dominicana

Correo: info@uniremhos.edu.do

Tel.: (809) 532-3739

Horario: Lunes a Viernes: 8:00 am - 6:00 pm | Sábados: 8:00 am - 12:00 m

📍 Ubicación
UNEFA

Av. 27 de Febrero no. 52, El Vergel,
Santo Domingo, República Dominicana

Tel.: (809) 530-0224

📍 Ubicación
UFHEC

Av. Máximo Gómez esq. César Nicolás Penson, La Esperilla,
Santo Domingo, República Dominicana

Tel.: (809) 537-6000

📍 Ubicación